[Event "45th FIDE Chess Olympiad Open"]
[Site "Budapest, Hungary"]
[Date "2024.09.21"]
[Round "10"]
[White "Valderrama Quiceno, Esteban Alb"]
[Black "Abdulla, Murad"]
[Result "1-0"]
[Board "116"]
[WhiteFideId "4442024"]
[BlackFideId "2403757"]
[WhiteTitle "IM"]
[BlackTitle "FM"]
[WhiteElo "2418"]
[BlackElo "2312"]
[WhiteTeam "Colombia"]
[BlackTeam "Scotland"]
[WhiteClock "0:22:22"]
[BlackClock "0:02:42"]
[Variant "Standard"]

1. Nf3 {[%clk 1:30:07]}  Nf6 {[%clk 1:29:10]} 2. g3 {[%clk 1:27:57]}  g6 {[%clk 1:27:45]} 3. Bg2 {[%clk 1:28:08]}  Bg7 {[%clk 1:28:00]} 4. O-O {[%clk 1:28:07]}  O-O {[%clk 1:27:34]} 5. c4 {[%clk 1:26:04]}  c5 {[%clk 1:25:27]} 6. d4 {[%clk 1:23:02]}  cxd4 {[%clk 1:23:49]} 7. Nxd4 {[%clk 1:23:19]}  d5 {[%clk 1:24:04]} 8. cxd5 {[%clk 1:14:46]}  Nxd5 {[%clk 1:22:18]} 9. Nb5 {[%clk 0:59:45]}  Be6 {[%clk 0:42:19]} 10. Bxd5 {[%clk 0:52:31]}  Bxd5 {[%clk 0:42:26]} 11. N1c3 {[%clk 0:52:26]}  Bxc3 {[%clk 0:40:54]} 12. Nxc3 {[%clk 0:52:12]}  Bc6 {[%clk 0:40:13]} 13. Qb3 {[%clk 0:49:56]}  Qb6 {[%clk 0:27:17]} 14. Qa3 {[%clk 0:46:08]}  Re8 {[%clk 0:26:26]} 15. Bg5 {[%clk 0:43:24]}  f6 {[%clk 0:25:47]} 16. Be3 {[%clk 0:41:14]}  Qa6 {[%clk 0:25:56]} 17. Qb3+ {[%clk 0:39:54]}  Kg7 {[%clk 0:26:22]} 18. Rfd1 {[%clk 0:38:21]}  Nd7 {[%clk 0:25:17]} 19. a4 {[%clk 0:35:32]}  b6 {[%clk 0:20:43]} 20. Nb5 {[%clk 0:20:59]}  Qb7 {[%clk 0:18:51]} 21. Rac1 {[%clk 0:20:21]}  Rac8 {[%clk 0:15:36]} 22. f3 {[%clk 0:19:31]}  Nc5 {[%clk 0:06:15]} 23. Qa3 {[%clk 0:15:47]}  a6 {[%clk 0:03:34]} 24. Nc3 {[%clk 0:14:29]}  Nd7 {[%clk 0:03:17]} 25. Qb4 {[%clk 0:11:44]}  b5 {[%clk 0:02:40]} 26. axb5 {[%clk 0:11:20]}  axb5 {[%clk 0:03:07]} 27. Ra1 {[%clk 0:10:37]}  Nb6 {[%clk 0:02:04]} 28. Bxb6 {[%clk 0:10:23]}  Qxb6+ {[%clk 0:02:32]} 29. Qd4 {[%clk 0:10:53]}  Qxd4+ {[%clk 0:01:44]} 30. Rxd4 {[%clk 0:11:22]}  Ra8 {[%clk 0:02:13]} 31. Rxa8 {[%clk 0:10:18]}  Rxa8 {[%clk 0:02:39]} 32. Kf2 {[%clk 0:10:15]}  Kf7 {[%clk 0:01:02]} 33. Ke3 {[%clk 0:10:06]}  e5 {[%clk 0:00:56]} 34. Rd6 {[%clk 0:08:48]}  Rc8 {[%clk 0:01:08]} 35. Nd5 {[%clk 0:04:42]}  f5 {[%clk 0:00:45]} 36. Nb4 {[%clk 0:03:53]}  Be8 {[%clk 0:00:57]} 37. Nd3 {[%clk 0:03:45]}  Ke7 {[%clk 0:00:37]} 38. Rb6 {[%clk 0:03:48]}  e4 {[%clk 0:00:32]} 39. fxe4 {[%clk 0:04:10]}  fxe4 {[%clk 0:00:48]} 40. Kxe4 {[%clk 0:03:24]}  Rc2 {[%clk 0:00:35]} 41. Ke3 {[%clk 0:03:14]}  Bd7 {[%clk 0:10:17]} 42. Ne5 {[%clk 0:31:42]}  Be8 {[%clk 0:10:07]} 43. b4 {[%clk 0:32:00]}  Rc7 {[%clk 0:05:19]} 44. Nd3 {[%clk 0:30:33]}  Ra7 {[%clk 0:04:37]} 45. Nc5 {[%clk 0:23:56]}  Ra3+ {[%clk 0:02:54]} 46. Kf2 {[%clk 0:23:58]}  h5 {[%clk 0:02:26]} 47. h4 {[%clk 0:23:55]}  Rc3 {[%clk 0:02:25]} 48. Rb7+ {[%clk 0:23:24]}  Kd8 {[%clk 0:02:39]} 49. Rg7 {[%clk 0:21:58]}  Rc4 {[%clk 0:02:42]} 50. Nb7+ {[%clk 0:22:22]} 1-0

[Event "45th FIDE Chess Olympiad Open"]
[Site "Budapest, Hungary"]
[Date "2024.09.21"]
[Round "10"]
[White "Tran, Thanh Tu"]
[Black "Stefansson, Vignir Vatnar"]
[Result "1-0"]
[Board "117"]
[WhiteFideId "12401404"]
[BlackFideId "2308649"]
[WhiteTitle "CM"]
[BlackTitle "GM"]
[WhiteElo "2387"]
[BlackElo "2531"]
[WhiteTeam "Japan"]
[BlackTeam "Iceland"]
[WhiteClock "0:26:22"]
[BlackClock "1:05:14"]
[Variant "Standard"]

1. d4 {[%clk 1:30:54]}  Nf6 {[%clk 1:30:19]} 2. Nf3 {[%clk 1:31:14]}  d5 {[%clk 1:30:38]} 3. c3 {[%clk 1:31:07]}  e6 {[%clk 1:26:48]} 4. Bf4 {[%clk 1:31:25]}  Bd6 {[%clk 1:27:05]} 5. e3 {[%clk 1:31:37]}  Bxf4 {[%clk 1:26:16]} 6. exf4 {[%clk 1:32:01]}  O-O {[%clk 1:26:26]} 7. Nbd2 {[%clk 1:30:38]}  b6 {[%clk 1:26:42]} 8. h4 {[%clk 1:29:22]}  Ba6 {[%clk 1:18:05]} 9. Bxa6 {[%clk 1:21:28]}  Nxa6 {[%clk 1:18:28]} 10. Qe2 {[%clk 1:21:48]}  Nb8 {[%clk 1:07:55]} 11. h5 {[%clk 1:20:53]}  h6 {[%clk 1:08:07]} 12. Ne5 {[%clk 1:19:20]}  c5 {[%clk 0:59:57]} 13. g4 {[%clk 1:12:10]}  Nfd7 {[%clk 1:00:08]} 14. Ndf3 {[%clk 0:53:30]}  cxd4 {[%clk 0:59:18]} 15. cxd4 {[%clk 0:46:04]}  Nxe5 {[%clk 0:59:07]} 16. dxe5 {[%clk 0:44:37]}  Qc8 {[%clk 0:55:19]} 17. g5 {[%clk 0:37:09]}  Qc4 {[%clk 0:55:18]} 18. Qxc4 {[%clk 0:37:30]}  dxc4 {[%clk 0:55:44]} 19. gxh6 {[%clk 0:37:52]}  gxh6 {[%clk 0:56:02]} 20. Nd2 {[%clk 0:35:51]}  Rd8 {[%clk 0:49:06]} 21. Rg1+ {[%clk 0:33:54]}  Kf8 {[%clk 0:49:13]} 22. Nxc4 {[%clk 0:28:20]}  Rd4 {[%clk 0:47:07]} 23. Rd1 {[%clk 0:25:01]}  Re4+ {[%clk 0:47:03]} 24. Ne3 {[%clk 0:18:03]}  Nc6 {[%clk 0:47:08]} 25. Rg4 {[%clk 0:16:34]}  Nb4 {[%clk 0:45:30]} 26. Ke2 {[%clk 0:16:01]}  Nxa2 {[%clk 0:42:44]} 27. Kf3 {[%clk 0:16:25]}  Rb4 {[%clk 0:43:02]} 28. f5 {[%clk 0:10:54]}  exf5 {[%clk 0:43:04]} 29. Nxf5 {[%clk 0:09:58]}  Re8 {[%clk 0:42:39]} 30. Nxh6 {[%clk 0:09:12]}  Rxe5 {[%clk 0:38:53]} 31. Rd7 {[%clk 0:09:36]}  Rxg4 {[%clk 0:39:00]} 32. Kxg4 {[%clk 0:09:43]}  Nb4 {[%clk 0:39:17]} 33. Rxf7+ {[%clk 0:06:07]}  Ke8 {[%clk 0:39:45]} 34. Rxa7 {[%clk 0:04:55]}  Nd3 {[%clk 0:39:08]} 35. f4 {[%clk 0:04:12]}  Re4 {[%clk 0:39:31]} 36. Nf5 {[%clk 0:04:27]}  Rxf4+ {[%clk 0:38:41]} 37. Kg5 {[%clk 0:04:53]}  Rf2 {[%clk 0:38:37]} 38. h6 {[%clk 0:05:12]}  Rh2 {[%clk 0:38:48]} 39. Kf6 {[%clk 0:03:47]}  Nc5 {[%clk 0:38:32]} 40. Ra8+ {[%clk 0:01:43]}  Kd7 {[%clk 0:38:58]} 41. b4 {[%clk 0:28:34]}  Ne4+ {[%clk 1:06:46]} 42. Ke5 {[%clk 0:28:59]}  Ng5 {[%clk 1:06:29]} 43. Ra7+ {[%clk 0:29:23]}  Ke8 {[%clk 1:06:36]} 44. Re7+ {[%clk 0:27:49]}  Kd8 {[%clk 1:04:07]} 45. Kf6 {[%clk 0:27:13]}  Nh3 {[%clk 1:04:33]} 46. Re4 {[%clk 0:26:01]}  Nf2 {[%clk 1:04:49]} 47. Rd4+ {[%clk 0:26:23]}  Kc7 {[%clk 1:05:14]} 48. Nh4 {[%clk 0:26:22]} 1-0

[Event "45th FIDE Chess Olympiad Open"]
[Site "Budapest, Hungary"]
[Date "2024.09.21"]
[Round "10"]
[White "Kjartansson, Gudmundur"]
[Black "Nanjo, Ryosuke"]
[Result "0-1"]
[Board "118"]
[WhiteFideId "2301318"]
[BlackFideId "7000634"]
[WhiteTitle "GM"]
[BlackTitle "IM"]
[WhiteElo "2478"]
[BlackElo "2372"]
[WhiteTeam "Iceland"]
[BlackTeam "Japan"]
[WhiteClock "0:29:24"]
[BlackClock "0:54:57"]
[Variant "Standard"]

1. c4 {[%clk 1:30:55]}  c5 {[%clk 1:30:52]} 2. Nf3 {[%clk 1:31:15]}  Nf6 {[%clk 1:31:18]} 3. Nc3 {[%clk 1:31:30]}  Nc6 {[%clk 1:31:45]} 4. e3 {[%clk 1:30:54]}  e5 {[%clk 1:31:25]} 5. d4 {[%clk 1:30:45]}  e4 {[%clk 1:31:46]} 6. Ne5 {[%clk 1:30:03]}  g6 {[%clk 1:31:49]} 7. Be2 {[%clk 1:25:56]}  Bg7 {[%clk 1:31:38]} 8. O-O {[%clk 1:24:24]}  O-O {[%clk 1:29:40]} 9. h3 {[%clk 1:21:43]}  Re8 {[%clk 1:19:29]} 10. Nxc6 {[%clk 1:20:35]}  dxc6 {[%clk 1:17:45]} 11. dxc5 {[%clk 1:20:44]}  Nd7 {[%clk 1:13:52]} 12. Qc2 {[%clk 0:47:10]}  Nxc5 {[%clk 1:08:57]} 13. b4 {[%clk 0:44:06]}  Nd3 {[%clk 1:07:36]} 14. Rb1 {[%clk 0:40:30]}  Qh4 {[%clk 1:03:25]} 15. Bd2 {[%clk 0:31:57]}  Bxh3 {[%clk 0:59:10]} 16. gxh3 {[%clk 0:31:07]}  Qxh3 {[%clk 0:59:19]} 17. Nxe4 {[%clk 0:29:23]}  Rxe4 {[%clk 0:58:38]} 18. f4 {[%clk 0:28:44]}  Qg3+ {[%clk 0:58:15]} 19. Kh1 {[%clk 0:29:08]}  Qh3+ {[%clk 0:58:43]} 20. Kg1 {[%clk 0:29:35]}  Qg3+ {[%clk 0:54:04]} 21. Kh1 {[%clk 0:30:01]}  Rxf4 {[%clk 0:54:18]} 22. Rxf4 {[%clk 0:29:43]}  Nxf4 {[%clk 0:54:44]} 23. Bf1 {[%clk 0:29:24]}  Ne2 {[%clk 0:54:57]} 0-1

[Event "45th FIDE Chess Olympiad Open"]
[Site "Budapest, Hungary"]
[Date "2024.09.21"]
[Round "10"]
[White "Aoshima, Mirai"]
[Black "Stefansson, Hannes"]
[Result "0-1"]
[Board "119"]
[WhiteFideId "7002386"]
[BlackFideId "2300087"]
[WhiteTitle "FM"]
[BlackTitle "GM"]
[WhiteElo "2385"]
[BlackElo "2471"]
[WhiteTeam "Japan"]
[BlackTeam "Iceland"]
[WhiteClock "0:03:22"]
[BlackClock "0:37:36"]
[Variant "Standard"]

1. d4 {[%clk 1:30:56]}  Nf6 {[%clk 1:30:44]} 2. c4 {[%clk 1:31:19]}  e6 {[%clk 1:30:59]} 3. Nf3 {[%clk 1:31:39]}  d5 {[%clk 1:31:07]} 4. Nc3 {[%clk 1:31:59]}  Nbd7 {[%clk 1:31:12]} 5. cxd5 {[%clk 1:28:38]}  exd5 {[%clk 1:31:27]} 6. Qc2 {[%clk 1:28:34]}  c6 {[%clk 1:29:51]} 7. Bg5 {[%clk 1:28:27]}  Be7 {[%clk 1:28:50]} 8. e3 {[%clk 1:28:43]}  h6 {[%clk 1:28:43]} 9. Bh4 {[%clk 1:28:10]}  O-O {[%clk 1:28:59]} 10. Bd3 {[%clk 1:28:28]}  Re8 {[%clk 1:29:04]} 11. O-O {[%clk 1:28:09]}  Ne4 {[%clk 1:27:31]} 12. Bxe4 {[%clk 1:27:57]}  Bxh4 {[%clk 1:27:50]} 13. Bh7+ {[%clk 1:28:16]}  Kh8 {[%clk 1:27:57]} 14. Bd3 {[%clk 1:27:22]}  Be7 {[%clk 1:27:14]} 15. Rfe1 {[%clk 1:23:09]}  Kg8 {[%clk 1:23:51]} 16. a3 {[%clk 1:18:24]}  Nf6 {[%clk 1:20:27]} 17. b4 {[%clk 1:04:54]}  a6 {[%clk 1:19:21]} 18. Ne5 {[%clk 1:02:24]}  Ng4 {[%clk 1:17:34]} 19. f4 {[%clk 0:58:02]}  Nxe5 {[%clk 1:17:41]} 20. fxe5 {[%clk 0:58:22]}  f6 {[%clk 1:16:44]} 21. e4 {[%clk 0:51:23]}  dxe4 {[%clk 1:07:55]} 22. Bc4+ {[%clk 0:50:24]}  Kh8 {[%clk 1:01:16]} 23. Rad1 {[%clk 0:50:41]}  Bg4 {[%clk 0:56:03]} 24. Qxe4 {[%clk 0:33:06]}  f5 {[%clk 0:55:04]} 25. Qc2 {[%clk 0:26:13]}  Bxd1 {[%clk 0:54:35]} 26. Rxd1 {[%clk 0:26:41]}  Rf8 {[%clk 0:46:05]} 27. Be6 {[%clk 0:22:50]}  a5 {[%clk 0:44:19]} 28. Ne2 {[%clk 0:19:59]}  Bg5 {[%clk 0:44:22]} 29. Bxf5 {[%clk 0:18:49]}  axb4 {[%clk 0:44:40]} 30. axb4 {[%clk 0:19:12]}  Qd5 {[%clk 0:41:59]} 31. Be4 {[%clk 0:12:52]}  Qb5 {[%clk 0:39:20]} 32. Bf3 {[%clk 0:08:17]}  Ra3 {[%clk 0:35:57]} 33. h4 {[%clk 0:04:49]}  Bxh4 {[%clk 0:34:10]} 34. Qe4 {[%clk 0:01:36]}  Bg5 {[%clk 0:33:55]} 35. Ng3 {[%clk 0:01:58]}  Qxb4 {[%clk 0:28:42]} 36. Nf5 {[%clk 0:00:54]}  Qa4 {[%clk 0:26:24]} 37. Rb1 {[%clk 0:00:32]}  Ra1 {[%clk 0:18:16]} 38. Rxa1 {[%clk 0:01:01]}  Qxa1+ {[%clk 0:18:39]} 39. Kh2 {[%clk 0:01:30]}  Qc1 {[%clk 0:18:51]} 40. g3 {[%clk 0:00:42]}  g6 {[%clk 0:14:38]} 41. Nd6 {[%clk 0:27:54]}  Qe3 {[%clk 0:43:44]} 42. Qxe3 {[%clk 0:27:32]}  Bxe3 {[%clk 0:44:07]} 43. e6 {[%clk 0:27:55]}  Bg5 {[%clk 0:44:08]} 44. Be4 {[%clk 0:27:16]}  Kg7 {[%clk 0:38:56]} 45. Nxb7 {[%clk 0:27:35]}  Rf2+ {[%clk 0:39:13]} 46. Kh3 {[%clk 0:10:06]}  Rd2 {[%clk 0:38:49]} 47. Bxc6 {[%clk 0:09:37]}  Rxd4 {[%clk 0:39:09]} 48. Na5 {[%clk 0:09:53]}  Bd8 {[%clk 0:37:55]} 49. Bg2 {[%clk 0:03:22]}  Bxa5 {[%clk 0:37:36]} 0-1

[Event "45th FIDE Chess Olympiad Open"]
[Site "Budapest, Hungary"]
[Date "2024.09.21"]
[Round "10"]
[White "Gretarsson, Helgi Ass"]
[Black "Kojima, Shinya"]
[Result "0-1"]
[Board "120"]
[WhiteFideId "2300699"]
[BlackFideId "7000812"]
[WhiteTitle "GM"]
[BlackTitle "IM"]
[WhiteElo "2450"]
[BlackElo "2299"]
[WhiteTeam "Iceland"]
[BlackTeam "Japan"]
[WhiteClock "0:00:33"]
[BlackClock "0:29:04"]
[Variant "Standard"]

1. c4 {[%clk 1:30:57]}  c6 {[%clk 1:30:47]} 2. Nf3 {[%clk 1:31:19]}  d5 {[%clk 1:31:07]} 3. e3 {[%clk 1:31:43]}  Nf6 {[%clk 1:31:13]} 4. Nc3 {[%clk 1:30:57]}  e6 {[%clk 1:31:07]} 5. b3 {[%clk 1:26:08]}  Bd6 {[%clk 1:31:22]} 6. Bb2 {[%clk 1:25:44]}  O-O {[%clk 1:31:43]} 7. Qc2 {[%clk 1:26:11]}  e5 {[%clk 1:31:15]} 8. cxd5 {[%clk 1:03:07]}  cxd5 {[%clk 1:31:33]} 9. Nb5 {[%clk 1:03:34]}  Nc6 {[%clk 1:31:25]} 10. Nxd6 {[%clk 1:03:57]}  Qxd6 {[%clk 1:31:45]} 11. d4 {[%clk 1:04:22]}  Ne4 {[%clk 1:31:06]} 12. a3 {[%clk 0:38:47]}  exd4 {[%clk 1:30:33]} 13. Nxd4 {[%clk 0:39:02]}  Nxd4 {[%clk 1:30:49]} 14. Bxd4 {[%clk 0:39:27]}  Bf5 {[%clk 1:30:19]} 15. Qb2 {[%clk 0:26:00]}  Rac8 {[%clk 1:09:09]} 16. Bd3 {[%clk 0:21:38]}  Qg6 {[%clk 1:09:14]} 17. O-O {[%clk 0:20:00]}  Nd6 {[%clk 1:09:10]} 18. Bxf5 {[%clk 0:19:56]}  Nxf5 {[%clk 1:09:30]} 19. Be5 {[%clk 0:12:10]}  Nxe3 {[%clk 1:06:04]} 20. fxe3 {[%clk 0:12:06]}  Rc2 {[%clk 1:06:28]} 21. Qxc2 {[%clk 0:12:34]}  Qxc2 {[%clk 1:06:50]} 22. b4 {[%clk 0:13:03]}  Rc8 {[%clk 1:04:36]} 23. Bd4 {[%clk 0:13:05]}  b6 {[%clk 1:01:19]} 24. h3 {[%clk 0:09:45]}  f6 {[%clk 1:01:03]} 25. Rf2 {[%clk 0:09:07]}  Qa4 {[%clk 0:56:59]} 26. Kh2 {[%clk 0:07:50]}  Kf7 {[%clk 0:56:30]} 27. Kg1 {[%clk 0:06:57]}  Rc4 {[%clk 0:56:29]} 28. Kh2 {[%clk 0:05:37]}  Qc6 {[%clk 0:54:57]} 29. Kg1 {[%clk 0:05:29]}  Ke6 {[%clk 0:54:39]} 30. Kh2 {[%clk 0:05:02]}  h5 {[%clk 0:52:37]} 31. Kg1 {[%clk 0:05:13]}  Rc1+ {[%clk 0:50:48]} 32. Rf1 {[%clk 0:05:39]}  Rxf1+ {[%clk 0:50:46]} 33. Rxf1 {[%clk 0:05:30]}  Qa4 {[%clk 0:50:35]} 34. Ra1 {[%clk 0:05:50]}  Kf5 {[%clk 0:50:22]} 35. Kh2 {[%clk 0:05:47]}  Ke4 {[%clk 0:50:29]} 36. Rc1 {[%clk 0:00:55]}  Qxa3 {[%clk 0:46:18]} 37. Ra1 {[%clk 0:01:17]}  Qxb4 {[%clk 0:45:59]} 38. Rxa7 {[%clk 0:01:42]}  Qf8 {[%clk 0:45:00]} 39. Rb7 {[%clk 0:01:24]}  f5 {[%clk 0:37:57]} 40. Rxb6 {[%clk 0:01:04]}  g5 {[%clk 0:27:13]} 41. Bf6 {[%clk 0:02:58]}  Qg8 {[%clk 0:50:44]} 42. Rb3 {[%clk 0:03:15]}  Qg6 {[%clk 0:49:14]} 43. Rb6 {[%clk 0:03:23]}  f4 {[%clk 0:45:12]} 44. exf4 {[%clk 0:03:17]}  gxf4 {[%clk 0:45:12]} 45. Rb4+ {[%clk 0:03:41]}  Ke3 {[%clk 0:39:57]} 46. Bd4+ {[%clk 0:01:48]}  Ke2 {[%clk 0:35:34]} 47. Rb3 {[%clk 0:00:34]}  Qe4 {[%clk 0:33:54]} 48. Rb2+ {[%clk 0:01:00]}  Kf1 {[%clk 0:30:08]} 49. Bf6 {[%clk 0:00:33]}  f3 {[%clk 0:29:04]} 0-1

[Event "45th FIDE Chess Olympiad Open"]
[Site "Budapest, Hungary"]
[Date "2024.09.21"]
[Round "10"]
[White "Zambrana, Osvaldo"]
[Black "Amin, Bassem"]
[Result "0-1"]
[Board "121"]
[WhiteFideId "3300200"]
[BlackFideId "10601457"]
[WhiteTitle "GM"]
[BlackTitle "GM"]
[WhiteElo "2405"]
[BlackElo "2636"]
[WhiteTeam "Bolivia"]
[BlackTeam "Egypt"]
[WhiteClock "0:58:29"]
[BlackClock "0:27:09"]
[Variant "Standard"]

1. e4 {[%clk 1:30:56]}  e5 {[%clk 1:27:02]} 2. Nf3 {[%clk 1:31:20]}  Nc6 {[%clk 1:27:24]} 3. Bc4 {[%clk 1:31:44]}  Nf6 {[%clk 1:27:46]} 4. d3 {[%clk 1:32:11]}  h6 {[%clk 1:26:13]} 5. O-O {[%clk 1:32:33]}  d6 {[%clk 1:26:39]} 6. c3 {[%clk 1:32:33]}  g6 {[%clk 1:25:47]} 7. Re1 {[%clk 1:31:41]}  Bg7 {[%clk 1:25:41]} 8. d4 {[%clk 1:32:03]}  O-O {[%clk 1:18:45]} 9. dxe5 {[%clk 1:32:22]}  dxe5 {[%clk 1:14:40]} 10. Qxd8 {[%clk 1:31:46]}  Rxd8 {[%clk 1:15:01]} 11. a4 {[%clk 1:31:54]}  b6 {[%clk 1:08:57]} 12. Na3 {[%clk 1:31:20]}  Bb7 {[%clk 1:09:10]} 13. Bb3 {[%clk 1:26:50]}  Nxe4 {[%clk 1:06:07]} 14. Rxe4 {[%clk 1:25:10]}  Na5 {[%clk 1:06:27]} 15. Bxf7+ {[%clk 1:25:34]}  Kxf7 {[%clk 1:06:53]} 16. Re1 {[%clk 1:25:50]}  Nb3 {[%clk 1:03:48]} 17. Rb1 {[%clk 1:25:11]}  e4 {[%clk 1:02:27]} 18. Nd4 {[%clk 1:24:34]}  Nxd4 {[%clk 0:57:08]} 19. cxd4 {[%clk 1:25:00]}  Rxd4 {[%clk 0:57:16]} 20. b3 {[%clk 1:25:14]}  Rd7 {[%clk 0:38:10]} 21. Bf4 {[%clk 1:23:45]}  g5 {[%clk 0:38:31]} 22. Bg3 {[%clk 1:24:01]}  Rad8 {[%clk 0:38:38]} 23. h4 {[%clk 1:23:47]}  c5 {[%clk 0:36:57]} 24. a5 {[%clk 1:21:43]}  Bc3 {[%clk 0:35:47]} 25. Rec1 {[%clk 1:21:59]}  Bd2 {[%clk 0:35:35]} 26. Rc2 {[%clk 1:12:22]}  e3 {[%clk 0:28:55]} 27. fxe3 {[%clk 0:59:49]}  Bxe3+ {[%clk 0:29:01]} 28. Kh2 {[%clk 1:00:03]}  Be4 {[%clk 0:26:01]} 29. Rf1+ {[%clk 1:00:19]}  Kg8 {[%clk 0:26:10]} 30. Ra2 {[%clk 0:57:57]}  Rd2 {[%clk 0:26:12]} 31. Rxd2 {[%clk 0:58:02]}  Rxd2 {[%clk 0:26:40]} 32. Re1 {[%clk 0:58:19]}  Rxg2+ {[%clk 0:26:54]} 33. Kh3 {[%clk 0:58:29]}  Bf4 {[%clk 0:27:09]} 0-1

[Event "45th FIDE Chess Olympiad Open"]
[Site "Budapest, Hungary"]
[Date "2024.09.21"]
[Round "10"]
[White "Ticona Rocabado, Licael Roderick"]
[Black "Wafa, Hamed"]
[Result "1/2-1/2"]
[Board "123"]
[WhiteFideId "3319113"]
[BlackFideId "10628452"]
[WhiteTitle "IM"]
[BlackTitle "IM"]
[WhiteElo "2321"]
[BlackElo "2368"]
[WhiteTeam "Bolivia"]
[BlackTeam "Egypt"]
[WhiteClock "0:18:26"]
[BlackClock "0:44:30"]
[Variant "Standard"]

1. d4 {[%clk 1:30:57]}  Nf6 {[%clk 1:30:51]} 2. c4 {[%clk 1:31:20]}  c5 {[%clk 1:31:14]} 3. Nf3 {[%clk 1:31:43]}  cxd4 {[%clk 1:31:39]} 4. Nxd4 {[%clk 1:32:08]}  e5 {[%clk 1:31:53]} 5. Nc2 {[%clk 1:31:53]}  d5 {[%clk 1:32:00]} 6. cxd5 {[%clk 1:30:30]}  Qxd5 {[%clk 1:32:09]} 7. Qxd5 {[%clk 1:30:44]}  Nxd5 {[%clk 1:32:36]} 8. e4 {[%clk 1:31:03]}  Nb4 {[%clk 1:32:33]} 9. Nxb4 {[%clk 1:30:31]}  Bxb4+ {[%clk 1:31:31]} 10. Bd2 {[%clk 1:31:00]}  Bxd2+ {[%clk 1:31:16]} 11. Nxd2 {[%clk 1:29:54]}  Ke7 {[%clk 1:28:41]} 12. Bc4 {[%clk 1:27:09]}  Nc6 {[%clk 1:27:20]} 13. Rc1 {[%clk 1:26:14]}  Bd7 {[%clk 1:25:49]} 14. Nb3 {[%clk 1:25:26]}  Rhc8 {[%clk 1:18:17]} 15. Kd2 {[%clk 1:23:09]}  b6 {[%clk 1:09:07]} 16. Bd5 {[%clk 1:21:36]}  Rab8 {[%clk 1:08:52]} 17. a3 {[%clk 1:16:02]}  a5 {[%clk 1:09:05]} 18. Ke3 {[%clk 1:15:59]}  a4 {[%clk 1:07:09]} 19. Bxc6 {[%clk 1:13:27]}  Bxc6 {[%clk 1:07:22]} 20. Na1 {[%clk 1:12:20]}  Ba8 {[%clk 1:06:09]} 21. f3 {[%clk 1:12:21]}  b5 {[%clk 1:05:27]} 22. Nc2 {[%clk 1:12:40]}  Rc4 {[%clk 1:04:40]} 23. Nb4 {[%clk 1:10:43]}  Rbc8 {[%clk 1:05:05]} 24. Rxc4 {[%clk 1:11:03]}  Rxc4 {[%clk 1:05:29]} 25. Rd1 {[%clk 1:11:03]}  f6 {[%clk 1:04:46]} 26. h4 {[%clk 1:09:40]}  h5 {[%clk 1:03:59]} 27. g3 {[%clk 1:07:29]}  Bb7 {[%clk 1:03:45]} 28. Rg1 {[%clk 1:05:39]}  Kf7 {[%clk 1:03:14]} 29. Rd1 {[%clk 1:03:53]}  Ke7 {[%clk 1:03:38]} 30. Rd2 {[%clk 0:58:27]}  g6 {[%clk 1:02:13]} 31. Rd1 {[%clk 0:56:34]}  f5 {[%clk 0:53:46]} 32. Nd3 {[%clk 0:48:30]}  Ke6 {[%clk 0:52:49]} 33. Rc1 {[%clk 0:48:51]}  Kd6 {[%clk 0:51:37]} 34. Rxc4 {[%clk 0:41:54]}  bxc4 {[%clk 0:52:06]} 35. Nb4 {[%clk 0:42:16]}  Kc5 {[%clk 0:51:24]} 36. Na2 {[%clk 0:42:35]}  Ba8 {[%clk 0:51:11]} 37. Nc3 {[%clk 0:41:09]}  Bc6 {[%clk 0:51:31]} 38. Ne2 {[%clk 0:34:53]}  fxe4 {[%clk 0:50:15]} 39. fxe4 {[%clk 0:35:17]}  Be8 {[%clk 0:50:38]} 40. Nc3 {[%clk 0:35:40]}  Bc6 {[%clk 0:51:01]} 41. Nb1 {[%clk 0:35:42]}  Bd7 {[%clk 0:50:16]} 42. Nc3 {[%clk 0:31:43]}  Bc6 {[%clk 0:49:32]} 43. Nb1 {[%clk 0:31:20]}  c3 {[%clk 0:49:21]} 44. Nxc3 {[%clk 0:31:41]}  Kc4 {[%clk 0:49:46]} 45. Kd2 {[%clk 0:32:06]}  Kd4 {[%clk 0:50:07]} 46. Ke2 {[%clk 0:32:30]}  Kc4 {[%clk 0:50:16]} 47. Kd2 {[%clk 0:32:54]}  Kb3 {[%clk 0:49:11]} 48. Kc1 {[%clk 0:33:13]}  Bb7 {[%clk 0:48:14]} 49. Kb1 {[%clk 0:33:29]}  Ba8 {[%clk 0:48:22]} 50. Kc1 {[%clk 0:33:51]}  Bc6 {[%clk 0:48:47]} 51. Kb1 {[%clk 0:33:40]}  Ba8 {[%clk 0:48:47]} 52. Kc1 {[%clk 0:33:52]}  Bb7 {[%clk 0:48:48]} 53. Kb1 {[%clk 0:29:41]}  Ba6 {[%clk 0:48:56]} 54. Kc1 {[%clk 0:29:48]}  Bd3 {[%clk 0:48:55]} 55. Kd2 {[%clk 0:29:41]}  Bf1 {[%clk 0:49:10]} 56. Kc1 {[%clk 0:29:09]}  Bd3 {[%clk 0:49:08]} 57. Nb1 {[%clk 0:24:54]}  Kc4 {[%clk 0:45:57]} 58. Nc3 {[%clk 0:24:24]}  Kb3 {[%clk 0:46:16]} 59. Kd2 {[%clk 0:21:30]}  Ba6 {[%clk 0:44:13]} 60. Kc1 {[%clk 0:21:51]}  Bb7 {[%clk 0:44:31]} 61. Kb1 {[%clk 0:16:54]}  Bc6 {[%clk 0:43:12]} 62. Kc1 {[%clk 0:17:14]}  Kc4 {[%clk 0:43:19]} 63. Kc2 {[%clk 0:17:19]}  Kd4 {[%clk 0:43:43]} 64. Kd2 {[%clk 0:17:44]}  Bd7 {[%clk 0:43:58]} 65. Ke2 {[%clk 0:18:05]}  Be8 {[%clk 0:44:21]} 66. Kd2 {[%clk 0:17:56]}  Bc6 {[%clk 0:44:43]} 67. Ke2 {[%clk 0:18:11]}  Bd7 {[%clk 0:44:30]} 68. Kd2 {[%clk 0:18:26]} 1/2-1/2